[Event "NW Regional Scholastic Championships"]
[Site "Chess.com"]
[Date "2020.05.16"]
[Round "?"]
[White "AbhaySankar12"]
[Black "random003"]
[Result "0-1"]
[WhiteElo "1345"]
[BlackElo "1785"]
[PlyCount "70"]
[EventDate "2020.??.??"]

1. d4 d5 2. c4 e6 3. Nc3 Nf6 4. cxd5 exd5 5. Bg5 Be7 6. e3 O-O 7. Bd3 c6 8.
Nge2 Nbd7 9. O-O b6 10. f3 Bb7 11. e4 dxe4 12. fxe4 Rc8 13. e5 Nd5 14. Bxe7
Qxe7 15. Nxd5 cxd5 16. Nf4 Qb4 17. Kh1 g6 18. Qg4 Qxd4 19. Qxd7 Ba8 20. Qh3
Qxe5 21. Rae1 Qxb2 22. Rf3 d4 23. Nh5 Bxf3 24. Nf6+ Kg7 25. Qxf3 Rc1 26. Rg1
Rxg1+ 27. Kxg1 Qc1+ 28. Kf2 Qe3+ 29. Qxe3 dxe3+ 30. Kxe3 Kxf6 31. Kf4 Rd8 32.
Ba6 Rd2 33. g4 Rxa2 34. g5+ Kg7 35. h4 Rxa6 0-1

[Event "NW Regional Scholastic Championships"]
[Site "Chess.com"]
[Date "2020.05.16"]
[Round "?"]
[White "random003"]
[Black "Stephenwilly"]
[Result "0-1"]
[WhiteElo "1785"]
[BlackElo "1509"]
[PlyCount "40"]
[EventDate "2020.??.??"]

1. d4 d5 2. Bf4 c6 3. e3 Nf6 4. Nf3 Bf5 5. Be2 Nbd7 6. c4 e6 7. Nc3 Be7 8. h3
a6 9. O-O h6 10. Qb3 b6 11. cxd5 exd5 12. Rac1 b5 13. a3 Rc8 14. Ne5 Nxe5 15.
Bxe5 Nd7 16. Bxg7 Rg8 17. Bxh6 Bxh3 18. Kh2 Bxg2 19. Rg1 Bd6+ 20. f4 Qh4# 0-1

[Event "NW Regional Scholastic Championships"]
[Site "Chess.com"]
[Date "2020.05.16"]
[Round "?"]
[White "ElijahDat"]
[Black "random003"]
[Result "1/2-1/2"]
[WhiteElo "1488"]
[BlackElo "1785"]
[PlyCount "157"]
[EventDate "2020.??.??"]

1. e4 e6 2. d4 d5 3. exd5 exd5 4. Nf3 Bd6 5. c4 c6 6. Nc3 Ne7 7. Bd3 dxc4 8.
Bxc4 O-O 9. O-O Bf5 10. h3 Qc7 11. Bg5 Re8 12. Bxe7 Bxe7 13. Re1 Nd7 14. Ne5
Nxe5 15. dxe5 Qb6 16. Qf3 Bg6 17. e6 Bf6 18. Ne4 Qd8 19. exf7+ Bxf7 20. Bxf7+
Kxf7 21. Ng5+ Kg8 22. Qb3+ Qd5 23. Qxd5+ cxd5 24. Nf3 Bxb2 25. Rab1 Rxe1+ 26.
Nxe1 Bc3 27. Nf3 b6 28. Rb3 Bf6 29. Rd3 Rd8 30. Kf1 Kf7 31. Ke2 h6 32. Ra3 Rd7
33. h4 Be7 34. Rb3 Bf6 35. g4 Re7+ 36. Kf1 Re4 37. g5 hxg5 38. hxg5 Be5 39. Ra3
a5 40. Rd3 d4 41. Nd2 Rg4 42. Nf3 Re4 43. Rb3 Bc7 44. Nd2 Rg4 45. Rb5 Kg6 46.
Nf3 Rf4 47. Ke2 d3+ 48. Ke3 Ra4 49. Rb2 Ra3 50. Ke4 Bd8 51. Ne5+ Kh5 52. Nxd3
Bxg5 53. f4 Ra4+ 54. Ke3 Bd8 55. Rh2+ Bh4 56. Ne5 Ra3+ 57. Ke4 Ra4+ 58. Kf5 Rb4
59. Nf3 Rb5+ 60. Ke6 g5 61. fxg5 Rb4 62. Rxh4+ Rxh4 63. Nxh4 Kxg5 64. Nf3+ Kf4
65. Nd2 Ke3 66. Nc4+ Kd4 67. Nxb6 Kc5 68. Na4+ Kb4 69. Nb6 Kb5 70. Nd5 Ka4 71.
Kd6 Ka3 72. Nc3 Kb2 73. Na4+ Kxa2 74. Nc5 Ka3 75. Kd5 Kb4 76. Kc6 Kc4 77. Kb6
Kb4 78. Ka6 Kxc5 79. Kxa5 1/2-1/2

[Event "NW Regional Scholastic Championships"]
[Site "Chess.com"]
[Date "2020.05.16"]
[Round "?"]
[White "Varin_N"]
[Black "LizzardQueen3"]
[Result "1-0"]
[WhiteElo "1220"]
[BlackElo "1114"]
[PlyCount "161"]
[EventDate "2020.??.??"]

1. e4 e5 2. Nf3 Nc6 3. Bb5 a6 4. Bxc6 dxc6 5. O-O Bg4 6. h3 h5 7. d3 Bc5 8.
Nbd2 Qf6 9. Re1 Ne7 10. c3 O-O-O 11. Qc2 Be6 12. Nb3 Bb6 13. Bg5 Bxb3 14. axb3
Qd6 15. d4 f6 16. dxe5 fxe5 17. c4 Qe6 18. c5 Ba7 19. Qc3 Rde8 20. Qxe5 Qxe5
21. Nxe5 Bxc5 22. Bxe7 Bxe7 23. Ng6 Rh6 24. Nxe7+ Rxe7 25. Rad1 Rhe6 26. f3 g5
27. Re2 g4 28. Red2 Re8 29. hxg4 hxg4 30. Rd7 gxf3 31. gxf3 Rg6+ 32. Kf2 Reg8
33. Ke3 Rg1 34. e5 Rxd1 35. Rxd1 Rd8 36. Rxd8+ Kxd8 37. f4 Ke7 38. Kd4 Ke6 39.
Kc5 Kf5 40. b4 Ke6 41. b3 Kf5 42. Kd4 b6 43. Kc4 Ke6 44. Kd3 Kd5 45. Ke3 a5 46.
bxa5 bxa5 47. Kd3 c5 48. Kc3 c6 49. Kd3 Ke6 50. Kc4 Kd7 51. Kxc5 Kc7 52. e6 Kd8
53. Kxc6 Ke7 54. Kb5 Kxe6 55. Kxa5 Kf5 56. b4 Kxf4 57. b5 Ke5 58. Kb6 Kd6 59.
Kb7 Kd7 60. b6 Kd6 61. Ka8 Kc6 62. b7 Kc5 63. b8=Q Kd5 64. Qc7 Kd4 65. Qc6 Ke5
66. Qd7 Ke4 67. Qd6 Kf5 68. Qe7 Kf4 69. Qe6 Kf3 70. Qe5 Kf2 71. Qe4 Kg3 72. Qf5
Kh4 73. Qg6 Kh3 74. Qg5 Kh2 75. Qg4 Kh1 76. Kb7 Kh2 77. Kc6 Kh1 78. Kd5 Kh2 79.
Ke4 Kh1 80. Kf3 Kh2 81. Qg2# 1-0

[Event "NW Regional Scholastic Championships"]
[Site "Chess.com"]
[Date "2020.05.16"]
[Round "?"]
[White "orange78"]
[Black "LizzardQueen3"]
[Result "1/2-1/2"]
[WhiteElo "999"]
[BlackElo "1114"]
[PlyCount "103"]
[EventDate "2020.??.??"]

1. e4 e5 2. Nf3 Nc6 3. Bc4 Nf6 4. Ng5 d5 5. exd5 Na5 6. Bb5+ c6 7. dxc6 bxc6 8.
Ba4 Bb7 9. d3 Be7 10. Nc3 O-O 11. O-O Nd5 12. Nf3 Nxc3 13. bxc3 Bf6 14. Bd2 c5
15. Be3 c4 16. Bb5 Bd5 17. d4 a6 18. Ba4 Qd6 19. Re1 Nc6 20. Bxc6 Bxc6 21. dxe5
Bxe5 22. Nxe5 Qxe5 23. Bh6 Qf6 24. Be3 Qg6 25. g3 Qe4 26. f3 Qxf3 27. Qxf3 Bxf3
28. Bd4 Rfe8 29. Kf2 Be4 30. Re2 f5 31. Rb1 Rab8 32. Rxb8 Rxb8 33. g4 g6 34. h3
Rb2 35. Kg3 Rxc2 36. Rxc2 Bxc2 37. gxf5 gxf5 38. Kf4 Kf7 39. Be5 Ke6 40. Bd4
Bb1 41. a3 a5 42. Bb6 a4 43. h4 Bc2 44. Bd4 Bd1 45. Kg5 Bg4 46. Kf4 h5 47. Bg7
Kd5 48. Bd4 Kd6 49. Ke3 Kd5 50. Kf4 Bh3 51. Kg3 Bg4 52. Kf4 1/2-1/2

[Event "NW Regional Scholastic Championships"]
[Site "Chess.com"]
[Date "2020.05.16"]
[Round "?"]
[White "Chess_Bot254"]
[Black "LizzardQueen3"]
[Result "0-1"]
[WhiteElo "1200"]
[BlackElo "1114"]
[PlyCount "91"]
[EventDate "2020.??.??"]

1. e4 e5 2. Nf3 Nc6 3. Bc4 Nf6 4. d3 Bc5 5. O-O d6 6. h3 O-O 7. Nc3 Be6 8. Nd5
Na5 9. Nxf6+ Qxf6 10. Bxe6 fxe6 11. Bd2 Nc6 12. c3 d5 13. exd5 exd5 14. Qb3 Qf7
15. Rfe1 Rae8 16. Qxb7 Na5 17. Qb5 Bb6 18. b4 Nb7 19. Qa4 e4 20. dxe4 dxe4 21.
Be3 exf3 22. Bxb6 cxb6 23. Rxe8 Qxe8 24. Qxe8 Rxe8 25. gxf3 Nd6 26. Rd1 Nb5 27.
c4 Nc3 28. Ra1 Re2 29. a4 Na2 30. b5 Kf7 31. Kf1 Rc2 32. Ke1 Rc1+ 33. Rxc1 Nxc1
34. Kd2 Nb3+ 35. Kc3 Nc5 36. Kd4 Nxa4 37. Kd5 Nc5 38. Kc6 Kf6 39. Kc7 Nd3 40.
Kb7 Ne5 41. Kxa7 Nxc4 42. Kb7 Kf5 43. Kc6 Kf4 44. Kd7 Kxf3 45. Ke7 Kxf2 46. Kf7
0-1

[Event "NW Regional Scholastic Championships"]
[Site "Chess.com"]
[Date "2020.05.16"]
[Round "?"]
[White "ChessKusumas"]
[Black "mbikdjbi9o"]
[Result "0-1"]
[WhiteElo "1264"]
[BlackElo "1542"]
[PlyCount "46"]
[EventDate "2020.??.??"]

1. c4 c5 2. g3 Nf6 3. Bg2 Nc6 4. e3 e6 5. Ne2 b6 6. O-O Bb7 7. d4 d5 8. dxc5
Bxc5 9. cxd5 Nxd5 10. Nbc3 Nf6 11. Qa4 Rc8 12. Rd1 Qe7 13. Nd4 Bxd4 14. exd4
O-O 15. d5 exd5 16. Nxd5 Nxd5 17. Bxd5 Rfd8 18. Be3 Rxd5 19. Rxd5 Ne5 20. Rd2
Nf3+ 21. Kf1 Nxd2+ 22. Bxd2 Bc6 23. Re1 Qxe1+ 0-1

[Event "NW Regional Scholastic Championships"]
[Site "Chess.com"]
[Date "2020.05.16"]
[Round "?"]
[White "highwaypotter"]
[Black "RipperSkier"]
[Result "1-0"]
[WhiteElo "800"]
[BlackElo "1061"]
[PlyCount "55"]
[EventDate "2020.??.??"]

1. d4 d5 2. c4 e6 3. Nf3 Nf6 4. g3 c6 5. Bg2 Nbd7 6. O-O Be7 7. Qc2 O-O 8. Nbd2
Qc7 9. e4 dxc4 10. Nxc4 b5 11. Bf4 Qb7 12. Nd6 Bxd6 13. Bxd6 Rd8 14. Rac1 Nb6
15. e5 Ne8 16. Ng5 g6 17. Bxc6 Qa6 18. Bxa8 Nxd6 19. exd6 Bd7 20. Bg2 Nc4 21.
b3 Nxd6 22. Qc7 Nb7 23. Bxb7 Qa3 24. Qxd8+ Kg7 25. Qxd7 Kh6 26. Qxf7 Kxg5 27.
Qf4+ Kh5 28. Qh4# 1-0

[Event "NW Regional Scholastic Championships"]
[Site "Chess.com"]
[Date "2020.05.16"]
[Round "?"]
[White "artistqueen"]
[Black "RipperSkier"]
[Result "1-0"]
[WhiteElo "1522"]
[BlackElo "1061"]
[PlyCount "93"]
[EventDate "2020.??.??"]

1. e4 c5 2. Nf3 Nc6 3. d4 cxd4 4. Nxd4 d6 5. Nc3 a6 6. Be3 Bd7 7. Qd2 g6 8. f3
Bg7 9. O-O-O Nf6 10. Kb1 O-O 11. g4 Nxd4 12. Bxd4 e5 13. Be3 Be6 14. h4 Rc8 15.
Qxd6 Qxd6 16. Rxd6 Ne8 17. Rd1 Bf6 18. g5 Be7 19. Bd3 Bb4 20. Bd2 Ng7 21. a3
Ba5 22. b4 Bb6 23. Ne2 Nh5 24. Bc3 Bc7 25. Kb2 Bd7 26. Bxa6 bxa6 27. Rxd7 Rfe8
28. Rd3 Bb6 29. Rf1 Ra8 30. Rd5 Bc7 31. Kb3 a5 32. bxa5 Rab8+ 33. Ka2 Ng7 34.
Rb1 Ra8 35. Rb7 Bb8 36. Rdd7 Rf8 37. Bb4 Re8 38. Rxf7 Ne6 39. Rxh7 Rc8 40. Nc3
Bc7 41. Re7 Bxa5 42. Bxa5 Rxa5 43. Rxe6 Rac5 44. Rxg6+ Kf8 45. Nd5 Rxc2+ 46.
Rb2 Rf2 47. Rxf2 1-0

[Event "NW Regional Scholastic Championships"]
[Site "Chess.com"]
[Date "2020.05.16"]
[Round "?"]
[White "ProfSynergy"]
[Black "Stephenwilly"]
[Result "0-1"]
[WhiteElo "1286"]
[BlackElo "1509"]
[PlyCount "46"]
[EventDate "2020.??.??"]

1. e4 e5 2. Nf3 Nc6 3. Bc4 Bc5 4. O-O Nf6 5. d3 h6 6. h3 O-O 7. Nc3 d6 8. Bd2
Bd7 9. a3 Qc8 10. b4 Bb6 11. Qe2 Bxh3 12. gxh3 Qxh3 13. Nh2 Nd4 14. Qd1 h5 15.
Kh1 Ng4 16. Qxg4 hxg4 17. Rg1 Nf3 18. Rg2 Nxd2 19. Ba2 Bd4 20. Rag1 Nf3 21. Rf1
Bxc3 22. Bb3 Nxh2 23. Rxh2 Qxf1# 0-1

[Event "NW Regional Scholastic Championships"]
[Site "Chess.com"]
[Date "2020.05.16"]
[Round "?"]
[White "ProfSynergy"]
[Black "ElijahDat"]
[Result "0-1"]
[WhiteElo "1286"]
[BlackElo "1488"]
[PlyCount "122"]
[EventDate "2020.??.??"]

1. e4 e5 2. Nf3 Nc6 3. Bc4 Bc5 4. O-O Nf6 5. d3 h6 6. Nc3 O-O 7. Na4 Bb6 8.
Nxb6 axb6 9. a3 d5 10. exd5 Nxd5 11. Bxd5 Qxd5 12. c4 Qd6 13. h3 Bf5 14. Ne1
Qg6 15. Be3 Rfd8 16. b4 Bxh3 17. b5 Nd4 18. Bxd4 Rxd4 19. Qf3 Bg4 20. Qe3 Re8
21. f3 Bf5 22. Rd1 h5 23. f4 Red8 24. fxe5 h4 25. Qf2 Bg4 26. Rd2 h3 27. g3 h2+
28. Kxh2 Qh5+ 29. Kg1 Bh3 30. Ng2 Qg6 31. Nf4 Rxf4 32. Qxf4 Bxf1 33. Qxf1 Qxg3+
34. Qg2 Qe1+ 35. Kh2 Qxe5+ 36. Kg1 Qe3+ 37. Kh2 Rxd3 38. Re2 Qh6+ 39. Kg1 Rd1+
40. Kf2 Qf4+ 41. Qf3 Rf1+ 42. Kxf1 Qxf3+ 43. Rf2 Qxa3 44. Re2 Kf8 45. Kf2 Qc5+
46. Kf3 Qxc4 47. Re4 Qxb5 48. Re3 Qd5+ 49. Re4 f5 50. Kg2 Qxe4+ 51. Kg3 Qg4+
52. Kf2 Qh3 53. Kg1 Qf3 54. Kh2 Qg4 55. Kh1 Qg6 56. Kh2 Kf7 57. Kh3 Kf6 58. Kh2
Ke5 59. Kh3 Kf4 60. Kh2 Kf3 61. Kh1 Qg2# 0-1

[Event "NW Regional Scholastic Championships"]
[Site "Chess.com"]
[Date "2020.05.16"]
[Round "?"]
[White "aronian22"]
[Black "Thrinayks"]
[Result "1-0"]
[WhiteElo "1557"]
[BlackElo "1132"]
[PlyCount "85"]
[EventDate "2020.??.??"]

1. d4 Nf6 2. Nf3 d6 3. g3 Nbd7 4. Bg2 e5 5. dxe5 Nxe5 6. Nxe5 dxe5 7. Qxd8+
Kxd8 8. O-O Bf5 9. Bxb7 Rb8 10. e4 Nxe4 11. Bxe4 Bxe4 12. Re1 Bxc2 13. Rxe5
Bxb1 14. Rxb1 Bd6 15. Rd5 Kd7 16. Bf4 Kc6 17. Rd3 Bxf4 18. gxf4 Rhe8 19. Rc1+
Kb6 20. Rb3+ Ka6 21. Rxc7 Rxb3 22. axb3 Re2 23. Rxf7 Rxb2 24. Rxg7 h5 25. Rg3
h4 26. Rf3 Kb5 27. f5 Re2 28. f6 Re8 29. f7 Rf8 30. Kg2 Kc6 31. Kh3 Kd7 32.
Kxh4 Ke7 33. Kg5 Rxf7 34. Rxf7+ Kxf7 35. h4 a6 36. h5 a5 37. h6 Kg8 38. Kg6 a4
39. bxa4 Kh8 40. a5 Kg8 41. a6 Kh8 42. a7 Kg8 43. a8=R# 1-0

[Event "NW Regional Scholastic Championships"]
[Site "Chess.com"]
[Date "2020.05.16"]
[Round "?"]
[White "matthewhan"]
[Black "iamvoltu"]
[Result "0-1"]
[WhiteElo "877"]
[BlackElo "1519"]
[PlyCount "42"]
[EventDate "2020.??.??"]

1. e4 c5 2. Nf3 d6 3. d4 cxd4 4. Nxd4 Nf6 5. Nc3 g6 6. Be3 Bg7 7. Qd2 Nc6 8.
Bc4 Bd7 9. O-O-O a6 10. a3 b5 11. Ba2 Ne5 12. Bf4 Nc4 13. Bxc4 bxc4 14. Qe2 Rc8
15. Nf3 Nh5 16. Be3 Bxc3 17. bxc3 Qa5 18. Kb2 Rb8+ 19. Ka2 Qxc3 20. Bd4 Rb2+
21. Ka1 Qxa3# 0-1

[Event "NW Regional Scholastic Championships"]
[Site "Chess.com"]
[Date "2020.05.16"]
[Round "?"]
[White "Red900"]
[Black "PandasAwesome"]
[Result "0-1"]
[WhiteElo "958"]
[BlackElo "1085"]
[PlyCount "78"]
[EventDate "2020.??.??"]

1. d4 Nf6 2. c4 e6 3. Nf3 c5 4. d5 exd5 5. cxd5 d6 6. Nc3 Be7 7. Bf4 Nbd7 8. e4
h6 9. Bd3 Nb6 10. Na4 Bg4 11. Nxb6 Qxb6 12. b3 Nh5 13. Be3 Bf6 14. Rb1 Qa5+ 15.
Bd2 Bc3 16. Rc1 Bxd2+ 17. Qxd2 Qxd2+ 18. Nxd2 Nf4 19. Bb1 Nxg2+ 20. Kf1 Nf4 21.
Rg1 Bh3+ 22. Ke1 O-O 23. Nc4 Rad8 24. Rg3 f5 25. exf5 Rfe8+ 26. Kd2 Re2+ 27.
Kd1 Rde8 28. Rg1 Rxf2 29. Nxd6 Ree2 30. Rc2 Rxh2 31. Rxe2 Nxe2 32. Re1 Nc3+ 33.
Kc1 Bg4 34. Re8+ Kh7 35. f6+ Nxb1 36. f7 Na3 37. Rh8+ Kg6 38. f8=N+ Kh5 39. Ne6
Rc2# 0-1

[Event "NW Regional Scholastic Championships"]
[Site "Chess.com"]
[Date "2020.05.16"]
[Round "?"]
[White "Chess_Bot254"]
[Black "Red900"]
[Result "1-0"]
[WhiteElo "1200"]
[BlackElo "958"]
[PlyCount "125"]
[EventDate "2020.??.??"]

1. e4 c5 2. Nf3 Nc6 3. Nc3 g6 4. Bc4 Bg7 5. O-O e6 6. h3 Nge7 7. d3 O-O 8. Be3
b6 9. Bb3 d5 10. exd5 exd5 11. Bf4 d4 12. Ne4 Bf5 13. Qd2 Bxe4 14. dxe4 Kh8 15.
Bh6 f5 16. Bxg7+ Kxg7 17. exf5 Nxf5 18. Ng5 Re8 19. Ne6+ Rxe6 20. Bxe6 Qf6 21.
Bb3 Ne5 22. Rae1 Nh4 23. Kh1 Qf5 24. Qe2 Nef3 25. Rd1 Qd7 26. Be6 Qe7 27. gxf3
Rf8 28. Qe5+ Rf6 29. Rd3 Qxe6 30. Qxe6 Rxe6 31. Kh2 Rf6 32. Kg3 Nf5+ 33. Kg2
Nh4+ 34. Kg3 Nf5+ 35. Kh2 Nh4 36. f4 Rxf4 37. Kg3 Re4 38. f3 Nf5+ 39. Kf2 Re6
40. Re1 Rd6 41. f4 Kf6 42. Re5 g5 43. Kf3 h6 44. Kg4 Ne3+ 45. Rexe3 gxf4 46.
Kxf4 Kf7 47. Re5 Rf6+ 48. Rf5 Rxf5+ 49. Kxf5 Ke7 50. Kg6 Kd6 51. Kxh6 b5 52.
Kg6 a5 53. h4 b4 54. h5 Kd5 55. h6 c4 56. Rd1 a4 57. h7 b3 58. cxb3 d3 59.
bxc4+ Kxc4 60. h8=Q a3 61. Qc3+ Kb5 62. bxa3 Ka4 63. Qb4# 1-0

[Event "NW Regional Scholastic Championships"]
[Site "Chess.com"]
[Date "2020.05.16"]
[Round "?"]
[White "OWSchess"]
[Black "ElijahDat"]
[Result "0-1"]
[WhiteElo "1242"]
[BlackElo "1488"]
[PlyCount "146"]
[EventDate "2020.??.??"]

1. e4 e5 2. Nf3 Nc6 3. Nc3 Bc5 4. Nxe5 Nxe5 5. d4 Bd6 6. dxe5 Bxe5 7. Bc4 Nf6
8. O-O h6 9. f4 Bxc3 10. bxc3 O-O 11. e5 Nh7 12. Qh5 d5 13. exd6 Qxd6 14. Be3
Be6 15. Rad1 Qc6 16. Bxe6 Qxe6 17. Rde1 Qc6 18. Bd4 Nf6 19. Qh4 Rfe8 20. g4 Nh7
21. g5 hxg5 22. fxg5 Qg6 23. Kh1 Qxg5 24. Qxg5 Nxg5 25. Rg1 Rxe1 26. Rxe1 Ne6
27. Rb1 b6 28. Rb5 c6 29. Re5 Nxd4 30. cxd4 Kf8 31. Kg2 Rd8 32. c3 f6 33. Rf5
Kf7 34. Rh5 Re8 35. Rf5 Re2+ 36. Rf2 Re3 37. c4 Rd3 38. Rf4 Rd2+ 39. Kg3 Rxa2
40. d5 cxd5 41. cxd5 Rd2 42. Ra4 a5 43. h4 Rxd5 44. Kf4 Kg6 45. Kg4 f5+ 46. Kf4
Kf6 47. h5 Rb5 48. Rc4 Rb4 49. Rxb4 axb4 50. Ke3 b3 51. Kd3 Kg5 52. Kc3 Kxh5
53. Kxb3 Kg4 54. Kc3 Kg3 55. Kc2 f4 56. Kc1 f3 57. Kd1 f2 58. Ke2 Kg2 59. Ke3
f1=Q 60. Kd4 Qe2 61. Kc3 Qd1 62. Kb4 Qc2 63. Kb5 Qc5+ 64. Ka6 Qa5+ 65. Kb7 b5
66. Kc6 b4 67. Kb7 Qc5 68. Ka8 Qe7 69. Kb8 Kf3 70. Kc8 Ke4 71. Kb8 Kd5 72. Ka8
Kc6 73. Kb8 Qb7# 0-1

[Event "NW Regional Scholastic Championships"]
[Site "Chess.com"]
[Date "2020.05.16"]
[Round "?"]
[White "routraydinesh"]
[Black "OWSchess"]
[Result "1/2-1/2"]
[WhiteElo "1376"]
[BlackElo "1242"]
[PlyCount "129"]
[EventDate "2020.??.??"]

1. c4 e5 2. Nc3 Nf6 3. e3 Nc6 4. d4 exd4 5. exd4 Bb4 6. Nf3 Ne4 7. Qd3 Qe7 8.
Be2 O-O 9. O-O Re8 10. Be3 Qf6 11. Nxe4 Qe7 12. Nc3 Bxc3 13. bxc3 d6 14. Rfe1
Qf6 15. Bg5 Bf5 16. Bxf6 Bxd3 17. Bxd3 gxf6 18. Rxe8+ Rxe8 19. Rb1 b6 20. Re1
Rd8 21. Be4 Na5 22. Bd3 c5 23. Re7 cxd4 24. cxd4 Rb8 25. Rxa7 Nc6 26. Rc7 Nd8
27. c5 bxc5 28. dxc5 dxc5 29. Rxc5 Ne6 30. Rh5 Nf4 31. Bxh7+ Kf8 32. Ra5 Rc8
33. h3 Ne2+ 34. Kh2 Nc3 35. a4 Kg7 36. Bf5 Rc4 37. Bd3 Rf4 38. Ra8 Nxa4 39. Kg3
Rb4 40. Re8 Rb3 41. Bc2 Ra3 42. Bxa4 Rxa4 43. Re3 Kg6 44. Kh2 f5 45. Ne5+ Kg5
46. Nxf7+ Kf6 47. Ne5 f4 48. Ng4+ Kf5 49. Re5+ Kg6 50. g3 fxg3+ 51. Kxg3 Kg7
52. h4 Kh7 53. f3 Kg7 54. Re4 Ra6 55. f4 Ra3+ 56. Re3 Ra4 57. h5 Ra7 58. f5 Kh7
59. Kh4 Rf7 60. f6 Rf8 61. Re7+ Kh8 62. h6 Kg8 63. h7+ Kh8 64. Kg5 Rxf6 65.
Nxf6 1/2-1/2

[Event "NW Regional Scholastic Championships"]
[Site "Chess.com"]
[Date "2020.05.16"]
[Round "?"]
[White "PriestyPants"]
[Black "AbhaySankar12"]
[Result "0-1"]
[WhiteElo "1165"]
[BlackElo "1345"]
[PlyCount "104"]
[EventDate "2020.??.??"]

1. b3 Nf6 2. Bb2 d5 3. e3 c5 4. f4 g6 5. Nf3 Bg7 6. Be2 O-O 7. O-O Bg4 8. d3
Nc6 9. Nbd2 Bf5 10. Qe1 Ng4 11. Bxg7 Kxg7 12. e4 dxe4 13. dxe4 Bd7 14. Nc4 b5
15. Qc3+ Kg8 16. Nce5 Ncxe5 17. Nxe5 Nxe5 18. Qxe5 Rc8 19. Rad1 a6 20. a4 c4
21. axb5 axb5 22. bxc4 bxc4 23. Qd4 Bb5 24. Qe5 Qb6+ 25. Kh1 Qc5 26. Qxc5 Rxc5
27. Rd2 c3 28. Rd5 Bxe2 29. Re1 Rxd5 30. exd5 Bb5 31. Rxe7 Rd8 32. Re5 Bc4 33.
Kg1 Rxd5 34. Re4 Rd1+ 35. Kf2 Be6 36. Ke2 Rd2+ 37. Kf3 Rxc2 38. Re3 Bd5+ 39.
Kg3 Rxg2+ 40. Kh3 c2 41. Re1 Rd2 42. Rc1 Bb3 43. Re1 Rd1 44. Re3 c1=Q 45. Rxb3
Qc8+ 46. Kg2 Qc2+ 47. Kh3 Qxb3+ 48. Kg4 Rg1+ 49. Kh4 g5+ 50. Kh5 Qd1+ 51. Kh6
Qe1 52. fxg5 Qh4# 0-1

[Event "NW Regional Scholastic Championships"]
[Site "Chess.com"]
[Date "2020.05.16"]
[Round "?"]
[White "PriestyPants"]
[Black "Tanneywanney25"]
[Result "1-0"]
[WhiteElo "1165"]
[BlackElo "800"]
[PlyCount "107"]
[EventDate "2020.??.??"]

1. e4 e5 2. Nf3 Nc6 3. Bc4 Bc5 4. Nc3 d6 5. h3 Nf6 6. O-O a6 7. d3 h6 8. Bd2
Ne7 9. a3 b5 10. Bb3 Bb7 11. a4 c6 12. Ne2 Qb6 13. Bc3 b4 14. a5 Qc7 15. Bd2
Ng6 16. Ra4 Rb8 17. Bxb4 Bxb4 18. Rxb4 Qxa5 19. Qd2 O-O 20. Bxf7+ Kh7 21. Bxg6+
Kxg6 22. Nh4+ Kh7 23. Rd1 c5 24. Rb3 Qc7 25. Nf5 Bc8 26. Rxb8 Qxb8 27. b3 Bxf5
28. exf5 Qb7 29. Ng3 Nd5 30. Qe1 Nb4 31. Rd2 Nc6 32. Qe4 Nd8 33. f6+ Qxe4 34.
Nxe4 gxf6 35. Nxd6 Ne6 36. Ne4 f5 37. Nd6 Ng5 38. Re2 Rd8 39. Nb7 Rd5 40. c4
Rxd3 41. Nxc5 Rd1+ 42. Kh2 e4 43. Nxa6 Rd6 44. Nb4 f4 45. Rc2 Rb6 46. Nd5 Rxb3
47. Nxf4 Rb8 48. c5 Rc8 49. c6 Kg8 50. Nd5 Kf7 51. c7 Ne6 52. f3 exf3 53. gxf3
h5 54. f4 1-0

[Event "NW Regional Scholastic Championships"]
[Site "Chess.com"]
[Date "2020.05.16"]
[Round "?"]
[White "poocoolpro"]
[Black "PriestyPants"]
[Result "1-0"]
[WhiteElo "1614"]
[BlackElo "1165"]
[PlyCount "139"]
[EventDate "2020.??.??"]

1. Nf3 Nc6 2. g3 e5 3. d3 Nf6 4. Bg2 Bc5 5. O-O O-O 6. e4 d6 7. Nc3 Bg4 8. h3
Bh5 9. g4 Bg6 10. Bg5 h6 11. Bh4 Bh7 12. Nd5 g5 13. Bg3 Nxd5 14. exd5 Nd4 15.
Nxd4 Bxd4 16. c3 Bb6 17. a4 a6 18. Qd2 f5 19. gxf5 Bxf5 20. Rae1 Qd7 21. Kh2
Qxa4 22. Be4 Bxe4 23. dxe4 Qd7 24. f3 Qf7 25. Qd3 Rad8 26. Kg2 c6 27. Bf2 Bxf2
28. Kxf2 Qh5 29. Rh1 Qh4+ 30. Ke2 cxd5 31. Qxd5+ Rf7 32. Reg1 Qf4 33. Rf1 Kg7
34. Rf2 Qf6 35. Rg1 Re7 36. h4 Kh7 37. hxg5 hxg5 38. Rh2+ Kg6 39. Rhg2 Rg7 40.
Rxg5+ Qxg5 41. Rxg5+ Kxg5 42. Qd2+ Kf6 43. Ke3 Ke6 44. Qd5+ Kf6 45. f4 exf4+
46. Kxf4 Rdd7 47. Qf5+ Ke7 48. Ke3 Kd8 49. Kd4 Kc7 50. Qa5+ Kb8 51. b4 Rc7 52.
Qb6 Rgf7 53. c4 Rc6 54. Qd8+ Ka7 55. b5 Rcc7 56. bxa6 bxa6 57. Kc3 a5 58. Qxd6
Rfe7 59. Qd5 Red7 60. Qxa5+ Kb8 61. e5 Ra7 62. Qb6+ Rab7 63. Qf6 Rf7 64. Qd8+
Ka7 65. e6 Rfe7 66. Qd5 Rb6 67. Qa5+ Ra6 68. Qc5+ Kb8 69. Qxe7 Ra3+ 70. Qxa3
1-0

[Event "NW Regional Scholastic Championships"]
[Site "Chess.com"]
[Date "2020.05.16"]
[Round "?"]
[White "Eric-Erard"]
[Black "switch64"]
[Result "1-0"]
[WhiteElo "1634"]
[BlackElo "901"]
[PlyCount "61"]
[EventDate "2020.??.??"]

1. d4 Nf6 2. e3 g6 3. Bc4 Bg7 4. Nf3 d5 5. Bb3 O-O 6. c4 e6 7. Nc3 Qe7 8. cxd5
exd5 9. Nxd5 Nxd5 10. Bxd5 Qb4+ 11. Qd2 Qd6 12. Bc4 Nc6 13. O-O Bg4 14. Ng5 Qf6
15. Ne4 Qh4 16. f3 Bf5 17. Ng3 Qg5 18. b3 Rfe8 19. f4 Qe7 20. Nxf5 gxf5 21. Rb1
Rad8 22. Kh1 Nxd4 23. exd4 Rxd4 24. Qc2 Qe4 25. Qxe4 Rexe4 26. Bb2 Rd2 27. Bxg7
Kxg7 28. a4 Rdd4 29. Rbd1 Rxf4 30. Rxd4 Rxf1+ 31. Bxf1 1-0

[Event "NW Regional Scholastic Championships"]
[Site "Chess.com"]
[Date "2020.05.16"]
[Round "?"]
[White "switch64"]
[Black "AbhaySankar12"]
[Result "1-0"]
[WhiteElo "901"]
[BlackElo "1345"]
[PlyCount "99"]
[EventDate "2020.??.??"]

1. e4 e6 2. d4 d5 3. Nc3 Bb4 4. Bd2 Bxc3 5. Bxc3 dxe4 6. Qg4 g6 7. Qxe4 Nf6 8.
Qe5 Nc6 9. Qe3 Nd5 10. Qf3 Nxc3 11. Qxc3 Qxd4 12. Qxd4 Nxd4 13. O-O-O Nc6 14.
Bb5 Bd7 15. Nf3 a6 16. Ba4 b5 17. Bb3 Na5 18. Ne5 Nxb3+ 19. cxb3 Rd8 20. Rd2 f6
21. Nxd7 Rxd7 22. Rxd7 Kxd7 23. Rd1+ Ke7 24. Kd2 Rd8+ 25. Ke2 Rxd1 26. Kxd1 Kd6
27. Kd2 Kd5 28. Kd3 c5 29. Ke3 a5 30. f4 c4 31. bxc4+ Kxc4 32. Ke4 a4 33. Ke3
b4 34. Kd2 e5 35. fxe5 fxe5 36. Ke3 a3 37. bxa3 bxa3 38. Kd2 e4 39. Ke3 Kc3 40.
Kxe4 Kb2 41. Kd3 Kxa2 42. Kc2 Ka1 43. Kc1 a2 44. Kc2 h5 45. h4 g5 46. hxg5 h4
47. g6 h3 48. g7 h2 49. g8=Q h1=Q 50. Qg7# 1-0

[Event "NW Regional Scholastic Championships"]
[Site "Chess.com"]
[Date "2020.05.16"]
[Round "?"]
[White "switch64"]
[Black "artistqueen"]
[Result "1-0"]
[WhiteElo "901"]
[BlackElo "1522"]
[PlyCount "135"]
[EventDate "2020.??.??"]

1. e4 e5 2. Nf3 Nf6 3. Nc3 Nc6 4. Bb5 Bb4 5. d3 d6 6. h3 O-O 7. O-O Bd7 8. Bg5
Bxc3 9. bxc3 a6 10. Bc4 Na5 11. Nd2 h6 12. Bh4 Rc8 13. Rb1 Re8 14. Qf3 Nxc4 15.
Nxc4 Be6 16. Rxb7 Bd5 17. exd5 Kh8 18. Bxf6 Qxf6 19. Qxf6 gxf6 20. Ra7 c6 21.
Nxd6 Ra8 22. Rxf7 Rf8 23. Rc7 cxd5 24. Rc5 Rad8 25. Rxd5 Kh7 26. c4 Kg6 27. Nb7
Rb8 28. Nc5 Rb2 29. Nxa6 Rxa2 30. Nb4 Raa8 31. Rb1 Rab8 32. Rb3 Rfe8 33. Nc6
Rxb3 34. cxb3 Kf7 35. b4 Rc8 36. b5 Ke6 37. Nd8+ Ke7 38. b6 Rxd8 39. b7 Rb8 40.
Rb5 Kd7 41. Kf1 Kc6 42. Ke2 Rxb7 43. Ke3 Rxb5 44. cxb5+ Kxb5 45. Ke4 Kc5 46.
Kf5 Kd4 47. Kxf6 Kxd3 48. Kxe5 Ke2 49. f4 Kd3 50. f5 Kc4 51. f6 Kc5 52. f7 Kc6
53. f8=Q Kb5 54. Qxh6 Kc4 55. Qd6 Kc3 56. Qd5 Kc2 57. Qd4 Kc1 58. Qd3 Kb2 59.
Qc4 Ka3 60. Qb5 Ka2 61. Qb4 Ka1 62. g3 Ka2 63. g4 Ka1 64. g5 Ka2 65. g6 Ka1 66.
g7 Ka2 67. g8=Q+ Ka1 68. Qg1+ 1-0

[Event "NW Regional Scholastic Championships"]
[Site "Chess.com"]
[Date "2020.05.16"]
[Round "?"]
[White "LakeShaya"]
[Black "CarsonBay"]
[Result "0-1"]
[WhiteElo "1095"]
[BlackElo "1658"]
[PlyCount "104"]
[EventDate "2020.??.??"]

1. Nf3 d5 2. e4 dxe4 3. Ng5 Bf5 4. Nc3 Nf6 5. d3 exd3 6. Bxd3 Bxd3 7. Qxd3 Qxd3
8. cxd3 h6 9. Nge4 Nc6 10. Nxf6+ exf6 11. O-O O-O-O 12. Bf4 Rxd3 13. Rad1 Rxd1
14. Rxd1 Bc5 15. Nb5 Ne5 16. Bxe5 fxe5 17. Rd5 Bd6 18. Nxd6+ cxd6 19. Rxd6 Kc7
20. Rd1 Rd8 21. Re1 f6 22. g3 Rd2 23. Rb1 Kd6 24. Kg2 Kd5 25. Kf3 Kd4 26. a3 f5
27. b4 Rd3+ 28. Kg2 Rxa3 29. Rd1+ Rd3 30. Rc1 e4 31. Rc7 b5 32. Rxa7 Rb3 33.
Rxg7 Rxb4 34. Rh7 Rb2 35. Rxh6 e3 36. Kf1 Rxf2+ 37. Ke1 b4 38. Rh4+ Kc3 39. Rh8
b3 40. Re8 Rxh2 41. Rxe3+ Kc2 42. Re8 b2 43. Rb8 b1=Q+ 44. Rxb1 Kxb1 45. Kf1
Kc2 46. Kg1 Re2 47. Kf1 Kd3 48. Kg1 Ke3 49. Kf1 Kf3 50. Kg1 Kxg3 51. Kh1 Re3
52. Kg1 Re1# 0-1